Plant cell & tissue culture/ (Record no. 10988)
[ view plain ]
| 000 -LEADER | |
|---|---|
| fixed length control field | 00651 a2200193 4500 |
| 010 ## - LIBRARY OF CONGRESS CONTROL NUMBER | |
| LC control number | ENG-89598 |
| 020 ## - INTERNATIONAL STANDARD BOOK NUMBER | |
| International Standard Book Number | 8190422936 |
| Terms of availability | 700.00 |
| 035 ## - SYSTEM CONTROL NUMBER | |
| System control number | EN-73131 |
| 037 ## - SOURCE OF ACQUISITION | |
| Source of stock number/acquisition | DBAD / PUB |
| 082 14 - DEWEY DECIMAL CLASSIFICATION NUMBER | |
| Classification number | 574.0724 |
| 090 ## - LOCALLY ASSIGNED LC-TYPE CALL NUMBER (OCLC); LOCAL CALL NUMBER (OCLC) | |
| -- | 11294 |
| -- | 11294 |
| 100 1# - MAIN ENTRY--PERSONAL NAME | |
| Personal name | Thakur, D.K. |
| 245 1# - TITLE STATEMENT | |
| Title | Plant cell & tissue culture/ |
| Statement of responsibility, etc | by D.K. Thakur |
| 260 ## - PUBLICATION, DISTRIBUTION, ETC. (IMPRINT) | |
| Place of publication, distribution, etc | Jaipur |
| Name of publisher, distributor, etc | Agarwal Publishing House |
| Date of publication, distribution, etc | 2007 |
| 270 ## - ADDRESS | |
| Address | 1885, Shukhlal Vyas Ki Gali, Nataniyon Ka Rasta, |
| City | Jaipur |
| Postal code | 302 003 |
| State or province | Jaipur |
| 300 ## - PHYSICAL DESCRIPTION | |
| Extent | 192p.: |
| Dimensions | 24 cm (Hb.) |
| Other physical details | ill. |
| 942 ## - ADDED ENTRY ELEMENTS (KOHA) | |
| Institution code [OBSOLETE] | dpl |
| Koha item type | English Books |
| Call number prefix | 574.0724 / THA |
| Withdrawn status | Lost status | Source of classification or shelving scheme | Damaged status | Not for loan | Collection code | Home library | Current library | Source of acquisition | Cost, normal purchase price | Total Checkouts | Full call number | Barcode | Date last seen | Copy number | Uniform Resource Identifier | Cost, replacement price | Price effective from | Koha item type |
|---|---|---|---|---|---|---|---|---|---|---|---|---|---|---|---|---|---|---|
| Dewey Decimal Classification | Not For Loan | Non-fiction | D.B.Act.Division | D.B.Act.Division | DBAD/PUB | 700.00 | 574.0724 THA | EN-73131 | 15/09/2008 | 1 | 12091 | 700.00 | 15/09/2008 | English Books |
